Las misiones de Sonora y Arizona : Favores celestiales y la Relación diaria de la entrada al noroeste /

Obra escrita por el jesuita italiano Eusebio Francisco Kino (1645-1711) y que contiene la historia de las misiones jesuitas de la Pimería Alta que comprendía la región que actualmente es el estado de Sonora en México y el sur de Arizona en Estados Unidos, fundadas por Kino durante la época Colonial.

Uloženo v:
Podrobná bibliografie
Hlavní autor: Kino, Eusebio Francisco (autor)
Další autoři: Fernández del Castillo, Francisco (paleografía) (paleografía), Böse, Emilio (preliminares) (preliminares)
Médium: Kniha
Jazyk:španělština
Vydáno: México : Porrúa, 1989, c1989
Edice:(Biblioteca Porrúa ; 96)
Témata:
Tagy: Přidat tag
Žádné tagy, Buďte první, kdo vytvoří štítek k tomuto záznamu!

MARC

LEADER 00000nam^a2200000^a^4500
001 000585075
005 20250526000000.0
009 20260526153436.301
020 |a 968-452-361-0 
037 |a Acervo ITESO - Biblioteca 
041 |a ESP 
082 |a 972. 03  |b KIN 
100 |a Kino, Eusebio Francisco  |e (autor) 
245 1 4 |a Las misiones de Sonora y Arizona :  |b Favores celestiales y la Relación diaria de la entrada al noroeste /  |c E.F. Kino ; paleografía e índice de F. Fernández del Castillo ; prelim. de E. Böse. 
264 4 |a México :  |b Porrúa,  |c 1989, c1989 
300 |a LXI, 413 p. ;  |c 23.5 cm. 
336 |a texto  |b txt  |2 rdacontenido 
337 |a sin mediación  |b n  |2 rdamedio 
338 |a volumen  |b nc  |2 rdasoporte 
440 1 |a (Biblioteca Porrúa ;  |v 96) 
520 |a Obra escrita por el jesuita italiano Eusebio Francisco Kino (1645-1711) y que contiene la historia de las misiones jesuitas de la Pimería Alta que comprendía la región que actualmente es el estado de Sonora en México y el sur de Arizona en Estados Unidos, fundadas por Kino durante la época Colonial. 
561 |a Ex libris de J. Jesús Gómez Fregoso, Universidad de Guadalajara 
649 |a XX 
650 |a Misiones -  |z Sonora -  |x Historia -  |x Tema Principal 
650 |a Misiones -  |z México -  |x Historia 
650 |a Misiones -  |z México -  |x Historia -  |y Epoca Colonial, 1517-1821 
650 |a Evangelización -  |z México -  |x Historia -  |y Epoca Colonial, 1517-1821 
650 |a Jesuitas en México -  |x Historia -  |y Epoca Colonial, 1517-1821 
650 |a Monasticismo y Ordenes Religiosas -  |z México -  |x Historia -  |y Epoca Colonial, 1517-1821 
650 |a Iglesia Católica en México -  |x Historia -  |y Epoca Colonial, 1517-1821 
650 |a Sonora -  |x Historia -  |y Epoca Colonial, 1517-1821 
650 |a México -  |x Historia -  |y Epoca Colonial, 1517-1821 
650 |a Arizona, EUA -  |x Historia -  |y Epoca Colonial, 1607-1783 
650 |a EUA -  |x Historia -  |y Epoca Colonial, 1607-1783 
700 |a Fernández del Castillo, Francisco  |e (paleografía) 
700 |a Böse, Emilio  |e (preliminares) 
740 0 |a Favores celestiales /  |c E.F. Kino ; paleografía e índice de F. Fernández del Castillo ; prelim. de E. Böse. 
740 0 |a Relación diaria de la entrada al noroeste /  |c E.F. Kino ; paleografía e índice de F. Fernández del Castillo ; prelim. de E. Böse. 
910 |a Fondo Jesús Gómez Fregoso S.J. ITE 
920 |a Impresos - Libros 
930 |a Libros Antiguos y Raros 
940 |a Jesuitas 
905 |a 138 
901 |a 0500412972  |b IT2  |c LRA  |i D69111  |u 20250526 
902 |a https://opac.biblio.iteso.mx/vufind/Record/000585075